Nicholas and Alexandra: an intimate account of the las of the Romanovs and the fall of Imperial Russia
Uloženo v:
| Hlavní autor: | |
|---|---|
| Médium: | Kniha |
| Jazyk: | angličtina |
| Vydáno: |
Nueva York
Atheneum
1967
|
| Vydání: | 1a. ed |
| Témata: | |
| Tagy: |
Přidat tag
Žádné tagy, Buďte první, kdo vytvoří štítek k tomuto záznamu!
|
MARC
| LEADER | 00000cam a2200000 a 4500 | ||
|---|---|---|---|
| 001 | UCD4532 | ||
| 003 | CL-VaPUC | ||
| 008 | 160713e19670000us |||||||||||||||||eng|d | ||
| 082 | 0 | 4 | |a 923 |b MAS |2 21 |
| 100 | |a Massie, Robert K. |e autor |9 588255 | ||
| 245 | 1 | 0 | |a Nicholas and Alexandra: an intimate account of the las of the Romanovs and the fall of Imperial Russia |
| 250 | |a 1a. ed | ||
| 300 | |a 613 p | ||
| 942 | |c BK | ||
| 945 | |d 20160713 20:53:00 |a dcastane | ||
| 260 | |a Nueva York |b Atheneum |c 1967 | ||
| 600 | 0 | |a Nicolás II, |c Emperador de Rusia |d 1868-1918 |9 343089 | |
| 600 | 0 | 7 | |a FEDOROVNA, ALEJANDRA |2 CL-VaPUC |9 343090 |
| 650 | 0 | |a Biografías |9 255210 | |
| 650 | 0 | |a Historia de Rusia |9 343091 | |
| 650 | 7 | |a MONARQUIA RUSA |2 CL-VaPUC |9 343092 | |
| 583 | |a last modification |c 20160713 20:53:00 |k Rodrigo Vera | ||
| 999 | |c 365424 |d 365422 | ||
| 952 | |0 0 |1 0 |3 erd |4 0 |6 923_000000000000000_MAS_1967 |7 0 |8 A |9 479285 |a FDOHBE |b FDOHBE |e Huesbe Llanos, Marco Antonio, 1934- |i 530833K |o 923 MAS 1967 |p 530833K |r 2024-01-30 |w 2019-11-24 |y BK |z Catalogado en:20160713 |k HBE | ||